书目信息 |
| 题名: |
电工技术
|
|
| 作者: | 薛毓强 , 李少纲 编 | |
| 分册: | ||
| 出版信息: | 北京 机械工业出版社 2020.1 |
|
| 页数: | 231页 | |
| 开本: | 26cm | |
| 丛书名: | ||
| 单 册: | ||
| 中图分类: | TM | |
| 科图分类: | ||
| 主题词: | 电工技术--高等学校--教材 | |
| 电子资源: | ||
| ISBN: | 978-7-111-50438-2 | |
| 000 | 01038nam0 2200301 45 | |
| 001 | 012001002811 | |
| 005 | 20211020091429.49 | |
| 010 | @a978-7-111-50438-2@dCNY32.00 | |
| 100 | @a20160115d2016 em y0chiy50 ea | |
| 101 | 0 | @achi |
| 102 | @aCN@b110000 | |
| 105 | @aa z 000yy | |
| 106 | @ar | |
| 200 | 1 | @a电工技术@Adian gong ji shu@b专著@f薛毓强,李少纲编 |
| 205 | @a2版 | |
| 210 | @a北京@c机械工业出版社@d2020.1 | |
| 215 | @a231页@c图@d26cm | |
| 300 | @a普通高等教育“十二五”规划教材 | |
| 300 | @a并列题名:Electrical technology | |
| 312 | @a封面英文题名:Electrical technology | |
| 330 | @a本书共分10章,主要内容包括电路的基本概念和定律、电路的基本分析方法、交流电路分析、三相电路、一阶动态电路分析、磁路与变压器、电动机、继电接触器控制系统等。 | |
| 510 | 1 | @aElectrical technology@zeng |
| 606 | 0 | @a电工技术@x高等学校@j教材 |
| 690 | @aTM@v5 | |
| 701 | 0 | @a薛毓强@Axue yu qiang@f(1962 )@4编 |
| 701 | 0 | @a李少纲@Ali shao gang@f(1962 )@4编 |
| 801 | 2 | @aCN@bBJSDL@c20211018 |
| 905 | @b1350428-31@dTM@e112=2@f4 | |
| 电工技术/薛毓强,李少纲编.-2版.-北京:机械工业出版社,2020.1 |
| 231页:图;26cm |
| 普通高等教育“十二五”规划教材.-并列题名:Electrical technology |
| ISBN 978-7-111-50438-2:CNY32.00 |
| 本书共分10章,主要内容包括电路的基本概念和定律、电路的基本分析方法、交流电路分析、三相电路、一阶动态电路分析、磁路与变压器、电动机、继电接触器控制系统等。 |
| ● |
| 相关链接 |
|
|
|
|
正题名:电工技术
索取号:TM/112=2
 
预约/预借
| 序号 | 登录号 | 条形码 | 馆藏地/架位号 | 状态 | 备注 |
| 1 | 1350428 | 213504288 | 第二样本阅览室/ [索取号:TM/112=2] | 在馆 | |
| 2 | 1350429 | 213504297 | 第三借阅区/ [索取号:TM/112=2] | 在馆 | |
| 3 | 1350430 | 213504304 | 第三借阅区/ [索取号:TM/112=2] | 在馆 | |
| 4 | 1350431 | 213504313 | 第三借阅区/ [索取号:TM/112=2] | 在馆 |